Food physics : physical properties--measurement and applications

Kaydedildi:
Detaylı Bibliyografya
Yazar: Figura, Ludger O
Materyal Türü: Sách
Dil:Undetermined
Baskı/Yayın Bilgisi: Springer 2010
Konular:
Etiketler: Etiketle
Etiket eklenmemiş, İlk siz ekleyin!
Thư viện lưu trữ: Trung tâm Thư viện - Trường Đại học Công nghiệp TP. Hồ Chí Minh
LEADER 00488nam a2200157Ia 4500
001 UIH_00387
008 230809s9999 xx 000 0 und d
082 |a 664.00153 
100 |a Figura, Ludger O 
245 0 |a Food physics : physical properties--measurement and applications 
245 0 |c Figura, Ludger O 
260 |b Springer 
260 |c 2010 
650 |a Food;Composition; 
927 |a Sách 
980 |a Trung tâm Thư viện - Trường Đại học Công nghiệp TP. Hồ Chí Minh